[Event "TUR-chT 2nd League"]
[Site "Denizli"]
[Date "2024.07.19"]
[Round "6.7"]
[White "Donmez, Ahmet"]
[Black "Sabuncuogullari, Emre"]
[Result "1-0"]
[WhiteElo "1902"]
[BlackElo "1712"]
[PlyCount "61"]
[EventDate "2024.07.15"]
[EventType "team-swiss"]
[EventRounds "9"]
[EventCountry "TUR"]
[SourceTitle "EXT 2025"]
[Source "ChessBase"]
[SourceDate "2024.10.14"]
[SourceVersion "1"]
[SourceVersionDate "2024.10.14"]
[SourceQuality "1"]
[WhiteTeam "Istanbul Satranc"]
[BlackTeam "Calli Spor"]
[WhiteTeamCountry "TUR"]
[BlackTeamCountry "TUR"]

1. d4 Nf6 2. c4 g6 3. Nc3 Bg7 4. e4 d6 5. Be2 0-0 6. Be3 e5 7. d5 a5 8. g4 Na6 9. h4 Nc5 10. f3 Ne8 11. h5 f5 12. hxg6 hxg6 13. gxf5 gxf5 14. exf5 Bxf5 15. Qd2 Qf6 16. 0-0-0 a4 17. Bh6 a3 18. b3 e4 19. Bxg7 Nxg7 20. Rh6 Bg6 21. Rf1 e3 22. Qxe3 Nf5 23. Rxg6+ Qxg6 24. Qd2 Ng3 25. Rd1 Rae8 26. Bd3 Nxd3+ 27. Qxd3 Qxd3 28. Rxd3 Re1+ 29. Rd1 Rfe8 30. Nb5 Rxg1 31. Rxg1 1-0

[Event "TUR-chT 2nd League"]
[Site "Konya"]
[Date "2022.08.28"]
[Round "9.12"]
[White "Sabuncuogullari, Emre"]
[Black "Kucukkilinc, Berat Osman"]
[Result "1/2-1/2"]
[WhiteElo "1388"]
[BlackElo "1396"]
[PlyCount "131"]
[EventDate "2022.08.22"]
[EventType "team-swiss"]
[EventRounds "9"]
[EventCountry "TUR"]
[SourceTitle "CBM 210 Extra"]
[Source "ChessBase"]
[SourceDate "2022.11.30"]
[SourceVersion "1"]
[SourceVersionDate "2022.11.30"]
[SourceQuality "1"]
[WhiteTeam "Calli Spor"]
[BlackTeam "Corum Belediye"]
[WhiteTeamCountry "TUR"]
[BlackTeamCountry "TUR"]

1. e4 c6 2. Nc3 d5 3. Nf3 dxe4 4. Nxe4 Nf6 5. Qe2 Bf5 6. Nxf6+ gxf6 7. d3 e6 8. Bd2 Bd6 9. Nh4 Bg6 10. 0-0-0 Nd7 11. f4 f5 12. g3 Qc7 13. Bg2 0-0-0 14. Bc3 Rhg8 15. Rde1 Bxf4+ 16. gxf4 Qxf4+ 17. Qe3 Qxh4 18. Bd4 f4 19. Qf2 Qxf2 20. Bxf2 Bxd3 21. Bxc6 bxc6 22. cxd3 Nb6 23. Bxb6 axb6 24. Kc2 Rg2+ 25. Kc3 f3 26. Rhf1 f2 27. Re2 Rxh2 28. Rexf2 Rxf2 29. Rxf2 Rf8 30. Rf6 Kd7 31. a4 Ke7 32. Rh6 Rh8 33. Kd4 f6 34. b4 Kf7 35. a5 bxa5 36. bxa5 Rd8+ 37. Kc4 Kg7 38. Rh1 f5 39. a6 f4 40. a7 Ra8 41. Ra1 f3 42. Kc5 f2 43. Kxc6 f1Q 44. Rxf1 Rxa7 45. Kd6 Ra6+ 46. Ke5 h5 47. Rg1+ Kf7 48. Rf1+ Ke7 49. Rh1 Ra5+ 50. Ke4 Kf6 51. d4 Kg5 52. Rg1+ Kh4 53. Rh1+ Kg3 54. Rg1+ Kh2 55. Rg6 h4 56. Rxe6 Rg5 57. Rh6 h3 58. d5 Kg2 59. Kd4 h2 60. Kc5 Rg3 61. Rxh2+ Kxh2 62. d6 Rc3+ 63. Kb6 Rd3 64. Kc7 Kg3 65. d7 Rc3+ 66. Kb7 1/2-1/2

[Event "TUR-chT 2nd League"]
[Site "Konya"]
[Date "2022.08.27"]
[Round "8.14"]
[White "Kavri, Yusuf Eren"]
[Black "Sabuncuogullari, Emre"]
[Result "1-0"]
[WhiteElo "1965"]
[BlackElo "1388"]
[PlyCount "100"]
[EventDate "2022.08.22"]
[EventType "team-swiss"]
[EventRounds "9"]
[EventCountry "TUR"]
[SourceTitle "CBM 210 Extra"]
[Source "ChessBase"]
[SourceDate "2022.11.30"]
[SourceVersion "1"]
[SourceVersionDate "2022.11.30"]
[SourceQuality "1"]
[WhiteTeam "Samsun Gercek"]
[BlackTeam "Calli Spor"]
[WhiteTeamCountry "TUR"]
[BlackTeamCountry "TUR"]

1. d4 Nf6 2. c4 g6 3. Nc3 Bg7 4. e4 d6 5. h3 0-0 6. Bg5 c5 7. d5 e6 8. Bd3 exd5 9. exd5 Nbd7 10. Nf3 Re8+ 11. Be3 Ne5 12. Nxe5 Rxe5 13. 0-0 Re8 14. Bf4 Nh5 15. Bh2 Be5 16. Bxe5 Rxe5 17. f4 Re8 18. f5 Qg5 19. fxg6 hxg6 20. Qf3 f5 21. Rae1 Rxe1 22. Rxe1 Bd7 23. Qe3 Nf4 24. Qf3 Re8 25. Rxe8+ Bxe8 26. Bf1 Nh5 27. a3 Bd7 28. b4 b6 29. Ne2 Qd2 30. bxc5 bxc5 31. Qb3 Nf6 32. Qb8+ Kf7 33. Qxd6 Qe3+ 34. Kh2 Qf2 35. Qf4 Qe1 36. Ng3 Ne4 37. Nxe4 Qxe4 38. Qxe4 fxe4 39. Kg3 g5 40. Kf2 Kf6 41. Ke3 Ke5 42. g3 Ba4 43. h4 gxh4 44. gxh4 Be8 45. Be2 Bg6 46. Bg4 Bh7 47. h5 Bg8 48. Bh3 Bh7 49. Bg2 Bf5 50. h6 Bg6 1-0